000 00517nam a2200193Ia 4500
005 20260429112119.0
008 260429s9999||||xx |||||||||||||| ||und||
020 _a9789363632660
041 _aEnglish
082 _a512.73
_bAPO
100 _aApostol, Tom M.
245 0 _aIntroduction to analytic number theory /
_cTom M. Apostol
250 _a1st ed.
260 _aNew Delhi :
_bMedTec Science Press,
_c2025.
300 _axii, 337 p.; pbk
650 _a Analytics
650 _aNumber theory
942 _cTB
999 _c52421
_d52421